A nevetés

Elmentve itt :
Bibliográfiai részletek
Szerző: Bergson, Henri
További közreműködők: Szávai Nándor
Adatforrás:Philobibl
Dokumentumtípus: Könyv
Nyelv:magyar
Kulcsszavak:esztétika
komikum
irodalomesztétika
Megjelent: [Budapest] Uránia 2004
Sorozat:Apolló könyvek
LEADER 00524nam a2200181 cr4500
001 bibPHI0042901
005 20200924124854.4
008 041209t2004 hu 000 0 hun d
100 1 |a Bergson, Henri 
245 1 2 |a A nevetés  |c Henri Bergson ; [ford., az előszót és a jegyzeteket írta Szávai Nándor] 
260 |a [Budapest]  |b Uránia  |c 2004 
300 |a 243 p. 
490 1 |a Apolló könyvek  |v 2. 
695 |a esztétika 
695 |a komikum 
695 |a irodalomesztétika 
700 1 |a Szávai Nándor 
830 0 |a Apolló könyvek